Propuesta para un tren de aseo para desechos sólidos en el casco urbano del municipio de Patzicia, (Registro nro. 2479)

Detalles MARC
000 -LEADER
campo de control de longitud fija 02170nam a22003617a 4500
001 - NÚMERO DE CONTROL
campo de control 42835
003 - IDENTIFICADOR DE NÚMERO DE CONTROL
campo de control gtgccic
005 - FECHA Y HORA DE LA ÚLTIMA TRANSACCIÓN
campo de control 20251104160304.0
007 - CAMPO FIJO DE DESCRIPCIÓN FÍSICA--INFORMACIÓN GENERAL
campo de control de longitud fija ta
008 - DATOS DE LONGITUD FIJA--INFORMACIÓN GENERAL
campo de control de longitud fija 251104b gt ||||| |||| 00| 0 spa d
040 ## - FUENTE DE CATALOGACIÓN
Centro catalogador/agencia de origen gtgccic
Lengua de catalogación spa
Centro/agencia transcriptor gtgccic
Normas de descripción rda
084 ## - OTRO NÚMERO DE CLASIFICACIÓN
Número de control del registro de autoridad o número normalizado TPI-16-0096
100 10 - ENTRADA PRINCIPAL--NOMBRE DE PERSONA
Nombre de persona Gilmar Estuardo Morales Ruiz
Fechas asociadas al nombre Ingeniero en Informática
Término indicativo de función/relación autor
245 10 - MENCIÓN DEL TÍTULO
Título Propuesta para un tren de aseo para desechos sólidos en el casco urbano del municipio de Patzicia,
Resto del título departamento de Chimaltenango /
Mención de responsabilidad, etc. Morales Ruiz, Gilmar Estuardo
264 #1 - PRODUCCIÓN, PUBLICACIÓN, DISTRIBUCIÓN, FABRICACIÓN Y COPYRIGHT
Producción, publicación, distribución, fabricación y copyright Guatemala, Guatemala :
Nombre del de productor, editor, distribuidor, fabricante USAC, Facultad de Ingeniería ;
Fecha de producción, publicación, distribución, fabricación o copyright 2016.-
300 ## - DESCRIPCIÓN FÍSICA
Extensión xxviii, 136 p, :
Otras características físicas il. ;
Dimensiones 27 cm
336 ## - TIPO DE CONTENIDO
Fuente rdacontenido
Término de tipo de contenido Texto
Código de tipo de contenido txt
337 ## - TIPO DE MEDIO
Fuente rdamedio
Nombre/término del tipo de medio sin mediación
Código del tipo de medio n
338 ## - TIPO DE SOPORTE
Fuente rdasoporte
Nombre/término del tipo de soporte volumen
Código del tipo de soporte nc
502 ## - NOTA DE TESIS
Nota de tesis Tsesis Postgrado
Tipo de título MAESTRO EN INGENIERÍA PARA EL DESARROLLO MUNICIPAL
Nombre de la institución que otorga el título USAC, Facultad de Ingeniería, Escuela de Postgrado
Año de obtención del título 2016
Identificador de la tesis TPI-16-0096
504 ## - NOTA DE BIBLIOGRAFÍA, ETC.
Nota de bibliografía, etc. Nota Bibliografía pag. 123
505 ## - NOTA DE CONTENIDO CON FORMATO
Título 1. ASPECTOS TEÓRICOS EN EL DESARROLLO MUNICIPAL DE PATZICIA
505 ## - NOTA DE CONTENIDO CON FORMATO
Título 2. DESECHOS SÓLIDOS MUNICIPALES
505 ## - NOTA DE CONTENIDO CON FORMATO
Título 3. CARACTERIZACIÓN Y PROBLEMÁTICIA DE LOS DESECHOS <br/> SÓLIDOS MUNICIPALES EN PATZICIA
505 ## - NOTA DE CONTENIDO CON FORMATO
Título 4. PROPUESTA DEL TREN DE ASEO
520 #3 - RESUMEN, ETC.
Sumario, etc. En la investigación se estudia la acumulación de desechos sólidos en las calles y avenidas en el casco ubano del municipio de Patzicia, departamento de Chimaltenango, los cuales obstruyen los principales tragantes en las 4 zonas, ocasionanado que se tapen y el agua no fluya normalmemte, esto a consecuensia de que no existe un tren de aseo municipal. En promedio, se generan 12 toneladas diarias de desechos sólidos, por zona, las cuales están siendo manipuladas inadecuadamente, lo que puede causar el aumento de enfermedades producidad por estos además de daños al medio ambiente, la implementación de un tren de aseo mitiga en gran medida el problema de los desechos sólidos municipales.
650 ## - PUNTO DE ACCESO ADICIONAL DE MATERIA--TÉRMINO DE MATERIA
Término de materia o nombre geográfico como elemento de entrada TRENES
650 ## - PUNTO DE ACCESO ADICIONAL DE MATERIA--TÉRMINO DE MATERIA
Término de materia o nombre geográfico como elemento de entrada DESECHOS
650 ## - PUNTO DE ACCESO ADICIONAL DE MATERIA--TÉRMINO DE MATERIA
Término de materia o nombre geográfico como elemento de entrada ELIMINACIÓN DE DESECHOS
700 ## - ENTRADA AGREGADA--NOMBRE PERSONAL
Nombre de persona MSc Lic. Luis Rafael Valladares Vielman
Término indicativo de función/relación asesor
942 ## - ELEMENTOS DE ENTRADA SECUNDARIOS (KOHA)
Fuente de la clasificación o esquema de estantería Clasificación Decimal Dewey
Tipo de ítem Koha TESISPOSTGRADO
945 ## - PROCESAMIENTO DE INFORMACIÓN LOCAL (OCLC)
a amlo
Existencias
Estatus retirado Estado de pérdida Fuente de la clasificación o esquema de estantería Estado de daño No para préstamo Biblioteca de origen Biblioteca actual Fecha de adquisición Número de inventario Total de préstamos Signatura topográfica completa Código de barras Visto por última vez Precio de reemplazo Tipo de ítem Koha Nota pública
    Clasificación Decimal Dewey     CENTRO DE INFORMACIÓN A LA CONSTRUCCIÓN-CICON CENTRO DE INFORMACIÓN A LA CONSTRUCCIÓN-CICON 04/11/2025 P20160096   TPI-16-0096 20160096 04/11/2025 04/11/2025 TESISPOSTGRADO disponible